ბათუმის შოთა რუსთაველის სახელმწიფო უნივერსიტეტის ბიბლიოთეკა

მზის სიმღერა (ბიბ.ჩანაწერი № 43206)

000 -LEADER
fixed length control field 00959nam a2200217Ia 4500
001 - CONTROL NUMBER
control field 9931
003 - CONTROL NUMBER IDENTIFIER
control field GE_BSU
008 - FIXED-LENGTH DATA ELEMENTS--GENERAL INFORMATION
fixed length control field 181216s||||||||xx |||||||||||||| ||und||
040 ## - CATALOGING SOURCE
Transcribing agency GE_BSU
080 ## - UNIVERSAL DECIMAL CLASSIFICATION NUMBER
Universal Decimal Classification number 821.353.1–82
245 ## - TITLE STATEMENT
Title მზის სიმღერა
245 ## - TITLE STATEMENT
Remainder of title საქ.მედიცინის მუშაკთა პროფკავშირის თბილ.ლიტ.წრის კრებული
245 ## - TITLE STATEMENT
Statement of responsibility, etc. რედ.ი.პავლიაშვილი.მხატვ.ო.მესხი
260 ## - PUBLICATION, DISTRIBUTION, ETC.
Place of publication, distribution, etc. თბილისი
260 ## - PUBLICATION, DISTRIBUTION, ETC.
Name of publisher, distributor, etc. ლიტერატურა და ხელოვნება
260 ## - PUBLICATION, DISTRIBUTION, ETC.
Date of publication, distribution, etc. 1968
300 ## - PHYSICAL DESCRIPTION
Extent 157გვ.1ფ.პორტრ.20სმ.
653 ## - INDEX TERM--UNCONTROLLED
Uncontrolled term მზის სიმღერა
653 ## - INDEX TERM--UNCONTROLLED
Uncontrolled term საქ.მედიცინის მუშაკთა პროფკავშირის თბილ.ლიტ.წრის კრებული
942 ## - ADDED ENTRY ELEMENTS (KOHA)
Koha item type წიგნი
ეგზემპლარები
Withdrawn status Lost status Damaged status Not for loan Date acquired Barcode Date last seen Price effective from Koha item type
        2018-12-17 32719 2018-12-17 2018-12-17 წიგნი